Statistics for MLB Players by Last Name

Click here to take the quiz!

General Stats

  • This quiz has been taken 3,130 times
  • The average score is 23 of 28

Answer Stats

First Name Last Name % Correct
BabeRuth
98%
DavidOrtiz
97%
DerekJeter
96%
KenGriffey Jr.
96%
SammySosa
95%
EvanLongoria
95%
JoeDiMaggio
94%
CalRipken Jr.
94%
HankAaron
94%
JustinVerlander
92%
MikePiazza
92%
WillieMays
92%
MickeyMantle
91%
TroyTulowitzki
89%
SandyKoufax
89%
TimLincecum
88%
IchiroSuzuki
88%
RobertoClemente
86%
CurtSchilling
77%
JoseCanseco
74%
StanMusial
73%
CraigBiggio
71%
CarltonFisk
69%
DennisEckersley
64%
RobinYount
63%
HarmonKillebrew
61%
RogersHornsby
49%
RedSchoendienst
27%

Score Distribution

Percentile by Number Answered

Percent of People with Each Score

Your Score History

You have not taken this quiz